[Event "1516LLO"]
[Site "Mecklenburg-Vorpommern"]
[Date "2016.03.13"]
[Round "7.2"]
[White "Mauser, Tassilo Tino"]
[Black "Zibell, Walter"]
[Result "1-0"]
[WhiteElo "1807"]
[BlackElo "1760"]
[PlyCount "79"]
[EventType "team-tourn"]
[EventRounds "9"]
[EventCountry "GER"]
[SourceDate "2015.09.20"]
[WhiteTeam "SV Gryps"]
[BlackTeam "SG Neubrandenburg III"]
[WhiteTeamCountry "GER"]
[BlackTeamCountry "GER"]

1. Nf3 d5 2. d4 Nf6 3. e3 Bg4 4. Be2 e6 5. Nbd2 Nbd7 6. O-O Bd6 7. b3 O-O 8.
Bb2 c6 9. Ne5 Bxe2 10. Qxe2 Qc7 11. Ndf3 Ne4 12. Nxd7 Qxd7 13. Ne5 Qc7 14. f3
f6 15. Ng4 Ng5 16. h4 Nf7 17. c4 Bg3 18. h5 f5 19. Nf2 Qd8 20. Nh1 Bc7 21. Ba3
Re8 22. f4 Qh4 23. g3 Qf6 24. Nf2 Kh8 25. g4 fxg4 26. Qxg4 Nh6 27. Qg5 Qf7 28.
Ng4 Bd8 29. Nxh6 gxh6 30. Qxh6 Rg8+ 31. Kh2 Rg4 32. Qf8+ Qxf8 33. Bxf8 Rh4+ 34.
Kg3 Rxh5 35. Rh1 Rf5 36. Bd6 Bf6 37. Kf3 Rg8 38. Rh2 Rg7 39. a4 Kg8 40. Rah1
1-0

[Event "1516LLO"]
[Site "Mecklenburg-Vorpommern"]
[Date "2016.03.13"]
[Round "7.3"]
[White "Stock, Joachim"]
[Black "Wagner, Swenja"]
[Result "1/2-1/2"]
[WhiteElo "1606"]
[BlackElo "1709"]
[PlyCount "101"]
[EventType "team-tourn"]
[EventRounds "9"]
[EventCountry "GER"]
[SourceDate "2015.09.20"]
[WhiteTeam "SG Neubrandenburg III"]
[BlackTeam "SV Gryps"]
[WhiteTeamCountry "GER"]
[BlackTeamCountry "GER"]

1. e4 e5 2. Nf3 Nc6 3. Bc4 Nf6 4. Nc3 Nxe4 5. Bxf7+ Kxf7 6. Nxe4 Be7 7. d4 d6
8. d5 Na5 9. Nfg5+ Kg8 10. Qh5 g6 11. Qf3 Qf8 12. Qxf8+ Kxf8 13. O-O Kg7 14. b3
b6 15. f4 Rf8 16. fxe5 Rxf1+ 17. Kxf1 dxe5 18. c4 Bf5 19. Nf2 Bc5 20. Bd2 Nb7
21. Nge4 Bd6 22. Be3 Rf8 23. Ke2 Ba3 24. Rf1 Nd6 25. Nxd6 cxd6 26. g4 Bd7 27.
h3 h5 28. gxh5 gxh5 29. Rg1+ Kf7 30. Rg5 Rh8 31. Kd3 Kf8 32. Kc3 Rh7 33. Rg6
Rf7 34. Bh6+ Ke7 35. Bg5+ Kf8 36. Bh6+ Ke7 37. Bg5+ Kf8 38. Bf6 Bc5 39. Ne4 Bf5
40. Rh6 Rh7 41. Rxh7 Bxh7 42. Nxc5 bxc5 43. b4 cxb4+ 44. Kxb4 Ke8 45. h4 Kd7
46. a4 Bd3 47. a5 e4 48. Bd4 a6 49. c5 dxc5+ 50. Bxc5 Bb5 51. Kc3 1/2-1/2

[Event "1516LLO"]
[Site "Mecklenburg-Vorpommern"]
[Date "2016.03.13"]
[Round "7.4"]
[White "Sadewasser, Lucie"]
[Black "Peters, Hans Joachim"]
[Result "1-0"]
[WhiteElo "1552"]
[BlackElo "1748"]
[PlyCount "55"]
[EventType "team-tourn"]
[EventRounds "9"]
[EventCountry "GER"]
[SourceDate "2015.09.20"]
[WhiteTeam "SV Gryps"]
[BlackTeam "SG Neubrandenburg III"]
[WhiteTeamCountry "GER"]
[BlackTeamCountry "GER"]

1. e4 e6 2. f4 c5 3. Nc3 Nc6 4. Nf3 d5 5. Bb5 a6 6. Bxc6+ bxc6 7. d3 Rb8 8. Qe2
Be7 9. exd5 cxd5 10. Qe5 Bd7 11. Qxg7 Bf6 12. Qg3 Nh6 13. Qf2 Qc7 14. Qe2 Bc6
15. g3 Nf5 16. Rf1 O-O 17. g4 Nd4 18. Nxd4 cxd4 19. Nb1 Rfe8 20. Kd1 Bg7 21.
Qf2 Rbc8 22. Rg1 Ba4 23. b3 Bd7 24. Rg2 Bb5 25. Bb2 Qc5 26. f5 e5 27. f6 Bf8
28. Qf5 1-0

[Event "1516LLO"]
[Site "Mecklenburg-Vorpommern"]
[Date "2016.03.13"]
[Round "7.5"]
[White "Hollender, Dirk"]
[Black "Springer, Guido"]
[Result "0-1"]
[WhiteElo "1679"]
[BlackElo "1743"]
[PlyCount "56"]
[EventType "team-tourn"]
[EventRounds "9"]
[EventCountry "GER"]
[SourceDate "2015.09.20"]
[WhiteTeam "SG Neubrandenburg III"]
[BlackTeam "SV Gryps"]
[WhiteTeamCountry "GER"]
[BlackTeamCountry "GER"]

1. e4 e5 2. Nf3 Nc6 3. Bb5 Nf6 4. O-O Nxe4 5. Re1 Nd6 6. Bxc6 dxc6 7. Nxe5 Be7
8. Qe2 Be6 9. Nc3 Nf5 10. d3 Nd4 11. Qd1 Bf6 12. Bf4 h5 13. Ne4 g5 14. Nxf6+
Qxf6 15. Bd2 O-O-O 16. c3 Nf5 17. b4 Nh4 18. Qc1 Rhg8 19. Qa3 a6 20. c4 g4 21.
b5 cxb5 22. cxb5 Nf3+ 23. Nxf3 gxf3 24. Qb4 Rd4 25. Bc3 Rxg2+ 26. Kh1 Rxh2+ 27.
Kxh2 Qh4+ 28. Kg1 Qg4+ 0-1

[Event "1516LLO"]
[Site "Mecklenburg-Vorpommern"]
[Date "2016.03.13"]
[Round "7.6"]
[White "Hollatz, Michael"]
[Black "Mietz, Wolfgang"]
[Result "1-0"]
[WhiteElo "1767"]
[BlackElo "1616"]
[PlyCount "53"]
[EventType "team-tourn"]
[EventRounds "9"]
[EventCountry "GER"]
[SourceDate "2015.09.20"]
[WhiteTeam "SV Gryps"]
[BlackTeam "SG Neubrandenburg III"]
[WhiteTeamCountry "GER"]
[BlackTeamCountry "GER"]

1. e4 d6 2. d4 Nf6 3. Nc3 g6 4. Bc4 Bg7 5. Bg5 h6 6. Bf4 O-O 7. h4 Nc6 8. Nge2
e5 9. dxe5 Nxe5 10. Bb3 Be6 11. Qd2 Kh7 12. f3 Nh5 13. Be3 Qe7 14. O-O-O Bxb3
15. axb3 Qd7 16. Rh3 f5 17. Rf1 Rae8 18. Rf2 a6 19. exf5 gxf5 20. Nd5 Ng6 21.
Bd4 Bxd4 22. Qxd4 Ne5 23. Ng3 Nf6 24. Nxf6+ Rxf6 25. Nh5 Rg6 26. Rg3 Rxg3 27.
Nf6+ 1-0

[Event "1516LLO"]
[Site "Mecklenburg-Vorpommern"]
[Date "2016.03.13"]
[Round "7.7"]
[White "Gloeckner, Jan"]
[Black "Decker, Lutz"]
[Result "1-0"]
[WhiteElo "1523"]
[BlackElo "1060"]
[PlyCount "81"]
[EventType "team-tourn"]
[EventRounds "9"]
[EventCountry "GER"]
[SourceDate "2015.09.20"]
[WhiteTeam "SG Neubrandenburg III"]
[BlackTeam "SV Gryps"]
[WhiteTeamCountry "GER"]
[BlackTeamCountry "GER"]

1. e4 e5 2. d4 exd4 3. c3 Ne7 4. Bc4 d6 5. Nf3 Bg4 6. Bxf7+ Kxf7 7. Ng5+ Ke8 8.
Qxg4 Nbc6 9. Qe6 Qd7 10. Qf7+ Kd8 11. Ne6+ Kc8 12. Nxf8 Qg4 13. Qe6+ Qxe6 14.
Nxe6 Kd7 15. Nxd4 Rae8 16. Be3 Rhf8 17. Nd2 Ne5 18. h3 Nd3+ 19. Ke2 Nc5 20. f3
d5 21. N2b3 b6 22. e5 Nc6 23. Nxc5+ bxc5 24. Nxc6 Kxc6 25. f4 d4 26. cxd4 cxd4
27. Rac1+ Kb7 28. Bd2 Rc8 29. Rc4 c5 30. Rhc1 Kb6 31. b4 Rfd8 32. bxc5+ Kc6 33.
Kd3 Rd5 34. Rxd4 Re8 35. Rxd5 Kxd5 36. Be3 Re6 37. c6 Rxc6 38. Rxc6 Kxc6 39.
Bxa7 Kd5 40. Be3 g6 41. g4 1-0

[Event "1516LLO"]
[Site "Mecklenburg-Vorpommern"]
[Date "2016.03.13"]
[Round "7.8"]
[White "Droese, Nico"]
[Black "Lange, Ingo"]
[Result "0-1"]
[WhiteElo "1291"]
[BlackElo "1720"]
[PlyCount "103"]
[EventType "team-tourn"]
[EventRounds "9"]
[EventCountry "GER"]
[SourceDate "2015.09.20"]
[WhiteTeam "SV Gryps"]
[BlackTeam "SG Neubrandenburg III"]
[WhiteTeamCountry "GER"]
[BlackTeamCountry "GER"]

1. d4 Nf6 2. Nf3 d5 3. e3 Bf5 4. Bd3 Bxd3 5. Qxd3 c6 6. Nbd2 e6 7. O-O Nbd7 8.
Re1 Be7 9. e4 dxe4 10. Nxe4 O-O 11. Bg5 Nxe4 12. Bxe7 Qxe7 13. Rxe4 Rfd8 14.
Rh4 g6 15. Qe3 Qf6 16. Ng5 Nf8 17. c3 Rd5 18. Nf3 Rf5 19. Re4 Rd8 20. Ne5 Qg5
21. Re1 Qxe3 22. R1xe3 Nd7 23. Ng4 Kg7 24. f4 h5 25. Ne5 Nf6 26. Nxf7 Kxf7 27.
Rxe6 Rd7 28. g3 Nd5 29. Re2 Re7 30. R6e5 Rexe5 31. fxe5 Ke6 32. a3 b5 33. Rf2
Ne3 34. Rxf5 Kxf5 35. b3 a6 36. h3 g5 37. a4 Nd5 38. axb5 axb5 39. c4 bxc4 40.
bxc4 Ne3 41. Kf2 Nxc4 42. Kf3 Nxe5+ 43. dxe5 Kxe5 44. Ke3 c5 45. Kd3 Kd5 46. g4
h4 47. Kc3 c4 48. Kd2 Kd4 49. Kc2 c3 50. Kd1 Kd3 51. Kc1 c2 52. Kb2 0-1

[Event "1516LLO"]
[Site "Mecklenburg-Vorpommern"]
[Date "2016.03.13"]
[Round "7.1"]
[White "Voelschow, Siegfried"]
[Black "Luethke, Hans Eckart"]
[Result "1/2-1/2"]
[WhiteElo "1948"]
[BlackElo "2122"]
[PlyCount "47"]
[EventType "team-tourn"]
[EventRounds "9"]
[EventCountry "GER"]
[SourceDate "2015.09.20"]
[WhiteTeam "SV Waterkant Saal"]
[BlackTeam "SSC Graal-Mueritz"]
[WhiteTeamCountry "GER"]
[BlackTeamCountry "GER"]

1. e4 c5 2. c3 d6 3. d4 Nf6 4. Bd3 Qc7 5. h3 g6 6. Nf3 Bg7 7. O-O O-O 8. Qe2 e5
9. Na3 a6 10. dxe5 dxe5 11. Nc4 Nbd7 12. a4 b6 13. Rd1 Bb7 14. Bc2 Bc6 15. Bg5
h6 16. Bh4 g5 17. Bg3 Nh5 18. Bh2 Nf4 19. Bxf4 exf4 20. Nd6 b5 21. Nf5 Rfe8 22.
Rd6 Re6 23. Rxe6 fxe6 24. Ne7+ 1/2-1/2

[Event "1516LLO"]
[Site "Mecklenburg-Vorpommern"]
[Date "2016.03.13"]
[Round "7.2"]
[White "Van Bentum, Horst"]
[Black "Schwarz, Eckhard"]
[Result "1/2-1/2"]
[WhiteElo "1925"]
[BlackElo "1861"]
[PlyCount "72"]
[EventType "team-tourn"]
[EventRounds "9"]
[EventCountry "GER"]
[SourceDate "2015.09.20"]
[WhiteTeam "SSC Graal-Mueritz"]
[BlackTeam "SV Waterkant Saal"]
[WhiteTeamCountry "GER"]
[BlackTeamCountry "GER"]

1. e4 c5 2. Nf3 a6 3. c3 d5 4. exd5 Qxd5 5. d4 Bg4 6. Be2 cxd4 7. cxd4 e6 8.
Nc3 Bb4 9. O-O Qd8 10. Qa4+ Nc6 11. Ne5 Bxe2 12. Nxc6 bxc6 13. Qxc6+ Kf8 14.
Nxe2 Ne7 15. Qa4 Bd6 16. Bf4 Nd5 17. Bxd6+ Qxd6 18. Rac1 Ke7 19. Rc6 Qb4 20.
Qxb4+ Nxb4 21. Rc7+ Kf6 22. a3 Nd5 23. Rc5 Rhd8 24. Rfc1 Rab8 25. b4 g5 26. Kf1
Kg6 27. Ke1 Nf6 28. f3 h5 29. Kf2 Nd5 30. g3 Rd7 31. R1c2 Rdd8 32. Nc1 Ne7 33.
Nb3 Rd6 34. h3 Kf6 35. Ra5 Kg6 36. g4 Nd5 1/2-1/2

[Event "1516LLO"]
[Site "Mecklenburg-Vorpommern"]
[Date "2016.03.13"]
[Round "7.3"]
[White "Wiese, Frank"]
[Black "Schulz, Wolf Detlef"]
[Result "1-0"]
[WhiteElo "1887"]
[BlackElo "1732"]
[PlyCount "97"]
[EventType "team-tourn"]
[EventRounds "9"]
[EventCountry "GER"]
[SourceDate "2015.09.20"]
[WhiteTeam "SV Waterkant Saal"]
[BlackTeam "SSC Graal-Mueritz"]
[WhiteTeamCountry "GER"]
[BlackTeamCountry "GER"]

1. d4 Nf6 2. c4 e6 3. Nc3 d5 4. cxd5 exd5 5. Bg5 Be7 6. e3 O-O 7. Bd3 h6 8. Bf4
Nc6 9. a3 Re8 10. Nb5 Bd6 11. Nxd6 cxd6 12. Ne2 Qb6 13. b4 Bg4 14. h3 Bh5 15.
O-O Ne4 16. f3 Nf6 17. Qd2 Rad8 18. Bg3 g5 19. Bf2 Ne7 20. Rfc1 Rc8 21. Nc3 Bg6
22. Na4 Qd8 23. Bb5 Nc6 24. Bd3 Qd7 25. Bxg6 fxg6 26. Nc3 Kg7 27. Rc2 Ne7 28.
Rac1 Qf5 29. Bg3 Qe6 30. Qd3 Nf5 31. Bf2 Rc4 32. e4 Ne7 33. exd5 Qc8 34. Nb5
Rxc2 35. Rxc2 Qd8 36. Nc7 Nexd5 37. Nxe8+ Qxe8 38. Rd2 Qd7 39. Rc2 Ne8 40. Rc1
Nf4 41. Qc4 d5 42. Qc2 Qb5 43. Re1 Kf6 44. Bg3 Qd7 45. Bxf4 gxf4 46. Qe2 Kf7
47. Qe5 Ng7 48. Qxf4+ Nf5 49. g4 1-0

[Event "1516LLO"]
[Site "Mecklenburg-Vorpommern"]
[Date "2016.03.13"]
[Round "7.4"]
[White "Micheel, Peter"]
[Black "Onasch, Gunnar"]
[Result "0-1"]
[WhiteElo "1759"]
[BlackElo "1782"]
[PlyCount "128"]
[EventType "team-tourn"]
[EventRounds "9"]
[EventCountry "GER"]
[SourceDate "2015.09.20"]
[WhiteTeam "SSC Graal-Mueritz"]
[BlackTeam "SV Waterkant Saal"]
[WhiteTeamCountry "GER"]
[BlackTeamCountry "GER"]

1. e4 c5 2. c3 Nc6 3. d4 e6 4. d5 Ne5 5. f4 Ng6 6. dxe6 dxe6 7. Qxd8+ Kxd8 8.
Nf3 Bd6 9. e5 Bc7 10. Be3 b6 11. Na3 Nh6 12. Bd3 Bb7 13. Rd1 Ke7 14. Nb5 Bb8
15. c4 a6 16. Nc3 f6 17. exf6+ gxf6 18. Bxg6 hxg6 19. Ke2 Nf5 20. Kf2 Bc7 21.
Rd2 Rad8 22. Rxd8 Rxd8 23. Rd1 Nd6 24. Nd2 Bc6 25. b3 Nf5 26. Nf3 Rxd1 27. Nxd1
Nxe3 28. Kxe3 b5 29. cxb5 axb5 30. Nc3 f5 31. g3 Kf6 32. h3 c4 33. bxc4 bxc4
34. Nd2 Bb6+ 35. Ke2 Ba5 36. Ndb1 e5 37. fxe5+ Kxe5 38. Ke3 Bd7 39. Ne2 Bb6+
40. Kd2 Ba5+ 41. Ke3 g5 42. h4 gxh4 43. gxh4 Be1 44. h5 Bh4 45. Na3 Be6 46. Nc2
Bf7 47. Ncd4 Bg5+ 48. Kf2 Ke4 49. Nf3 Be3+ 50. Kg2 Bf4 51. Ng3+ Kd3 52. Nxf5 c3
53. h6 Bxh6 54. Kf2 Bf4 55. a4 Be6 56. Ne1+ Kd2 57. Nf3+ Kd1 58. N5d4 Bc4 59.
a5 Bc7 60. Ke3 Bxa5 61. Ne5 Bf1 62. Nd3 Bb6 63. Nf2+ Ke1 64. Nd3+ Bxd3 0-1

[Event "1516LLO"]
[Site "Mecklenburg-Vorpommern"]
[Date "2016.03.13"]
[Round "7.5"]
[White "Richter, Frank"]
[Black "Poppe, Thomas"]
[Result "1/2-1/2"]
[WhiteElo "1711"]
[BlackElo "1670"]
[PlyCount "47"]
[EventType "team-tourn"]
[EventRounds "9"]
[EventCountry "GER"]
[SourceDate "2015.09.20"]
[WhiteTeam "SV Waterkant Saal"]
[BlackTeam "SSC Graal-Mueritz"]
[WhiteTeamCountry "GER"]
[BlackTeamCountry "GER"]

1. d4 d5 2. c4 e6 3. Nc3 Nf6 4. cxd5 exd5 5. Bg5 Nbd7 6. Qc2 c6 7. e3 Bd6 8.
Bd3 h6 9. Bh4 Qc7 10. Bg3 O-O 11. Nge2 Re8 12. O-O Bxg3 13. Nxg3 Ng4 14. Nxd5
Qd6 15. Nc3 Ndf6 16. Nce4 Nxe4 17. Bxe4 h5 18. Bh7+ Kh8 19. Bf5 h4 20. Bxg4
Bxg4 21. Ne2 Qh6 22. h3 Be6 23. Nf4 Qg5 24. Qc5 1/2-1/2

[Event "1516LLO"]
[Site "Mecklenburg-Vorpommern"]
[Date "2016.03.13"]
[Round "7.6"]
[White "Schumann, Lutz"]
[Black "Nickel, Reimo"]
[Result "1-0"]
[WhiteElo "1661"]
[BlackElo "1743"]
[PlyCount "69"]
[EventType "team-tourn"]
[EventRounds "9"]
[EventCountry "GER"]
[SourceDate "2015.09.20"]
[WhiteTeam "SSC Graal-Mueritz"]
[BlackTeam "SV Waterkant Saal"]
[WhiteTeamCountry "GER"]
[BlackTeamCountry "GER"]

1. c4 e5 2. Nc3 Nf6 3. d3 d6 4. g3 Bg4 5. h3 Bh5 6. Bg2 c6 7. Nf3 h6 8. O-O Be7
9. Qd2 O-O 10. Rb1 Nbd7 11. b4 Rb8 12. Nh4 Nh7 13. Nf5 Bg6 14. Nxe7+ Qxe7 15.
a4 f5 16. f4 Nhf6 17. a5 Rfe8 18. a6 Rec8 19. axb7 Rxb7 20. b5 d5 21. Kh2 e4
22. bxc6 Rxb1 23. cxd7 Rcb8 24. Nxb1 Rxb1 25. Ba3 Qxd7 26. Rxb1 dxc4 27. d4 Nd5
28. Rb8+ Kh7 29. Qa5 Nb6 30. Qc5 Qf7 31. Qf8 Qxf8 32. Rxf8 c3 33. Bc1 c2 34. g4
Nd7 35. Rc8 1-0

[Event "1516LLO"]
[Site "Mecklenburg-Vorpommern"]
[Date "2016.03.13"]
[Round "7.7"]
[White "Ehmann, Roland"]
[Black "Hausmann, Ulrich"]
[Result "1/2-1/2"]
[WhiteElo "1554"]
[BlackElo "1653"]
[PlyCount "41"]
[EventType "team-tourn"]
[EventRounds "9"]
[EventCountry "GER"]
[SourceDate "2015.09.20"]
[WhiteTeam "SV Waterkant Saal"]
[BlackTeam "SSC Graal-Mueritz"]
[WhiteTeamCountry "GER"]
[BlackTeamCountry "GER"]

1. d4 d6 2. Nf3 Bd7 3. g3 e6 4. Bg2 Qc8 5. O-O Nc6 6. c4 Nf6 7. Nc3 e5 8. d5
Ne7 9. e4 Ng6 10. Bd2 Be7 11. b4 a6 12. a4 h5 13. Bg5 Bg4 14. Qd2 Bh3 15. Nh4
Nxh4 16. Bxh4 Bxg2 17. Kxg2 Qd7 18. b5 Ng4 19. Bxe7 Qxe7 20. h3 Nf6 21. f4
1/2-1/2

[Event "1516LLO"]
[Site "Mecklenburg-Vorpommern"]
[Date "2016.03.13"]
[Round "7.2"]
[White "Maertin, Heinz"]
[Black "Hartung, Lothar"]
[Result "1/2-1/2"]
[WhiteElo "1732"]
[BlackElo "1741"]
[PlyCount "43"]
[EventType "team-tourn"]
[EventRounds "9"]
[EventCountry "GER"]
[SourceDate "2015.09.20"]
[WhiteTeam "SSC Rostock 07 III"]
[BlackTeam "SG Neubrandenburg II"]
[WhiteTeamCountry "GER"]
[BlackTeamCountry "GER"]

1. e4 c5 2. Nf3 e6 3. d4 cxd4 4. Nxd4 a6 5. Bd3 Qc7 6. O-O Nc6 7. Be3 Nb4 8. c4
Nxd3 9. Qxd3 Bc5 10. Nc3 Bxd4 11. Bxd4 f6 12. f4 Ne7 13. Rac1 O-O 14. b3 d6 15.
Qe2 Nc6 16. Be3 Nd8 17. Rfd1 Nf7 18. Qf2 Bd7 19. c5 dxc5 20. Bxc5 Rfc8 21. Be3
Qd8 22. Bb6 1/2-1/2

[Event "1516LLO"]
[Site "Mecklenburg-Vorpommern"]
[Date "2016.03.13"]
[Round "7.3"]
[White "Meyer, Detlef"]
[Black "Herde, Dittmar"]
[Result "1/2-1/2"]
[WhiteElo "1775"]
[BlackElo "1814"]
[PlyCount "24"]
[EventType "team-tourn"]
[EventRounds "9"]
[EventCountry "GER"]
[SourceDate "2015.09.20"]
[WhiteTeam "SG Neubrandenburg II"]
[BlackTeam "SSC Rostock 07 III"]
[WhiteTeamCountry "GER"]
[BlackTeamCountry "GER"]

1. e4 c5 2. Bc4 d6 3. Nc3 Nf6 4. h3 g6 5. Nf3 Bg7 6. O-O O-O 7. Re1 Nc6 8. d3
a6 9. a4 e5 10. Bg5 Be6 11. Nd5 Bxd5 12. Bxd5 Qd7 1/2-1/2

[Event "1516LLO"]
[Site "Mecklenburg-Vorpommern"]
[Date "2016.03.13"]
[Round "7.4"]
[White "Bardosch, Karl"]
[Black "Rehbein, Hans Juergen"]
[Result "1/2-1/2"]
[WhiteElo "1712"]
[BlackElo "1688"]
[PlyCount "29"]
[EventType "team-tourn"]
[EventRounds "9"]
[EventCountry "GER"]
[SourceDate "2015.09.20"]
[WhiteTeam "SSC Rostock 07 III"]
[BlackTeam "SG Neubrandenburg II"]
[WhiteTeamCountry "GER"]
[BlackTeamCountry "GER"]

1. e4 c5 2. Nc3 Nc6 3. g3 g6 4. Bg2 Bg7 5. f4 d6 6. d3 Nf6 7. Be3 O-O 8. Nf3
Qa5 9. O-O Bg4 10. Qd2 Rac8 11. Nh4 Bd7 12. f5 Ng4 13. fxg6 fxg6 14. Bg5 Bd4+
15. Kh1 1/2-1/2

[Event "1516LLO"]
[Site "Mecklenburg-Vorpommern"]
[Date "2016.03.13"]
[Round "7.5"]
[White "Leisner, Ekkehardt"]
[Black "Fiss, Daniel"]
[Result "0-1"]
[WhiteElo "1679"]
[BlackElo "1681"]
[PlyCount "110"]
[EventType "team-tourn"]
[EventRounds "9"]
[EventCountry "GER"]
[SourceDate "2015.09.20"]
[WhiteTeam "SG Neubrandenburg II"]
[BlackTeam "SSC Rostock 07 III"]
[WhiteTeamCountry "GER"]
[BlackTeamCountry "GER"]

1. c4 Nf6 2. Nc3 g6 3. g3 d6 4. Bg2 Bg7 5. d4 O-O 6. e3 Nbd7 7. Nge2 c6 8. O-O
e5 9. b3 Re8 10. Qc2 Nb6 11. dxe5 dxe5 12. Rd1 Qc7 13. Ba3 Bf8 14. Bxf8 Rxf8
15. c5 Nbd7 16. Na4 Ne8 17. Rd2 Ng7 18. Rad1 Nf6 19. Nb2 Bf5 20. e4 Be6 21. Nc4
Bxc4 22. Qxc4 Rad8 23. Bh3 Rxd2 24. Rxd2 Rd8 25. Rxd8+ Qxd8 26. f3 Qd2 27. b4
h5 28. Kf2 g5 29. Bc8 g4 30. fxg4 Nxg4+ 31. Bxg4 hxg4 32. a4 Ne6 33. Qc3 Qg5
34. Qd3 Qh5 35. Ke1 Qxh2 36. Kd1 Qh1+ 37. Kc2 Qe1 38. Qd2 Qxe2 39. Qxe2 Nd4+
40. Kd2 Nxe2 41. Kxe2 Kg7 42. Kd3 Kf6 43. a5 a6 44. Ke3 Kg5 45. Kf2 f5 46. exf5
Kxf5 47. Ke3 Kf6 48. Kd3 Ke7 49. Ke4 Ke6 50. Ke3 Kd5 51. Kd3 e4+ 52. Ke3 Ke5
53. Ke2 Kd4 54. Kd2 e3+ 55. Ke2 Ke4 0-1

[Event "1516LLO"]
[Site "Mecklenburg-Vorpommern"]
[Date "2016.03.13"]
[Round "7.6"]
[White "Raitza, Egon"]
[Black "Buenz, Heinrich"]
[Result "0-1"]
[WhiteElo "1688"]
[BlackElo "1678"]
[PlyCount "132"]
[EventType "team-tourn"]
[EventRounds "9"]
[EventCountry "GER"]
[SourceDate "2015.09.20"]
[WhiteTeam "SSC Rostock 07 III"]
[BlackTeam "SG Neubrandenburg II"]
[WhiteTeamCountry "GER"]
[BlackTeamCountry "GER"]

1. d4 Nf6 2. c4 e6 3. Nc3 Be7 4. e4 d6 5. Bd3 Nbd7 6. Nge2 b6 7. O-O O-O 8. f3
c5 9. Be3 Ba6 10. Rc1 Rc8 11. Qa4 Nb8 12. Rfd1 Nfd7 13. Nb5 cxd4 14. Bxd4 Nc5
15. Bxc5 Bxb5 16. cxb5 dxc5 17. e5 Qc7 18. Qe4 g6 19. Bc4 Rfd8 20. b3 Rd7 21.
Rxd7 Qxd7 22. f4 Rd8 23. Qc2 Qd2 24. g3 Qe3+ 25. Kg2 Rd2 26. Qc3 Qxc3 27. Rxc3
Rxa2 28. Kf3 Kf8 29. Rd3 Ra1 30. Rd2 Ke8 31. Nc3 Nd7 32. Ne4 Nf8 33. h4 h6 34.
Kg4 Nh7 35. Kf3 Nf8 36. Kg4 Nd7 37. Kf3 Nb8 38. Kg4 a5 39. h5 gxh5+ 40. Kxh5
Rh1+ 41. Kg4 h5+ 42. Kf3 h4 43. Kg2 Re1 44. Nd6+ Bxd6 45. Rxd6 hxg3 46. Rxb6
Nd7 47. Ra6 Ra1 48. b6 a4 49. b7 Ra2+ 50. Kxg3 axb3 51. Ra8+ Ke7 52. b8=B Nxb8
53. Rxb8 Rc2 54. Bb5 f5 55. Rb7+ Kf8 56. Ba4 c4 57. Rb4 Kf7 58. Bb5 Rc3+ 59.
Kh4 Rf3 60. Rxc4 b2 61. Rc7+ Kg8 62. Kg5 b1=Q 63. Rc8+ Kf7 64. Rc7+ Kf8 65.
Rc8+ Ke7 66. Re8+ Kf7 0-1

[Event "1516LLO"]
[Site "Mecklenburg-Vorpommern"]
[Date "2016.03.13"]
[Round "7.7"]
[White "Hoerhold, Martin"]
[Black "Worm, Alfred"]
[Result "1-0"]
[WhiteElo "1663"]
[BlackElo "1673"]
[PlyCount "103"]
[EventType "team-tourn"]
[EventRounds "9"]
[EventCountry "GER"]
[SourceDate "2015.09.20"]
[WhiteTeam "SG Neubrandenburg II"]
[BlackTeam "SSC Rostock 07 III"]
[WhiteTeamCountry "GER"]
[BlackTeamCountry "GER"]

1. e4 c6 2. d4 d5 3. e5 c5 4. dxc5 Nc6 5. Bb5 e6 6. b4 Bd7 7. Bxc6 Bxc6 8. Nf3
a5 9. c3 Qc7 10. O-O Ne7 11. Na3 Ng6 12. Qd4 Be7 13. Rb1 axb4 14. cxb4 Ra4 15.
Qd1 Ra8 16. Re1 O-O 17. Qb3 Ba4 18. Qb2 Rfc8 19. Nd4 Qd7 20. Qe2 b6 21. cxb6
Rcb8 22. Nac2 Rxb6 23. a3 Qc7 24. Bb2 Bg5 25. g3 Rc8 26. Ne3 Be7 27. Rbc1 Qb8
28. Rxc8+ Qxc8 29. Rc1 Qb7 30. f4 h6 31. Qd2 f6 32. exf6 Bxf6 33. Qd3 Ne7 34.
Ng4 Kf7 35. Nxf6 gxf6 36. Qh7+ Ke8 37. Qh8+ Kd7 38. Qxf6 Qa6 39. Qe5 Qa7 40.
Kg2 Qb7 41. Re1 Rd6 42. Nxe6 d4+ 43. Kh3 Qc8 44. Nxd4 Ng6 45. Qg7+ Kd8+ 46. f5
Be8 47. Ne6+ Rxe6 48. Rxe6 Bd7 49. Qg8+ Kc7 50. Qxc8+ Kxc8 51. Rxg6 Bxf5+ 52.
Rg4 1-0

[Event "1516LLO"]
[Site "Mecklenburg-Vorpommern"]
[Date "2016.04.10"]
[Round "8.2"]
[White "Schwahn, Christian"]
[Black "Leisner, Ekkehardt"]
[Result "1/2-1/2"]
[WhiteElo "1963"]
[BlackElo "1679"]
[PlyCount "192"]
[EventType "team-tourn"]
[EventRounds "9"]
[EventCountry "GER"]
[SourceDate "2015.09.20"]
[WhiteTeam "Greifswalder SV II "]
[BlackTeam "SG Neubrandenburg II"]
[WhiteTeamCountry "GER"]
[BlackTeamCountry "GER"]

1. d4 d5 2. c4 e6 3. Nc3 Nf6 4. Nf3 Be7 5. Bg5 Nbd7 6. e3 O-O 7. Bd3 c6 8. O-O
a6 9. Rc1 dxc4 10. Bxc4 b5 11. Bd3 Bb7 12. Ne5 Nxe5 13. dxe5 Nd5 14. Bxe7 Qxe7
15. Ne4 Rfd8 16. Qh5 g6 17. Qh6 f6 18. f4 f5 19. Nc5 Nxe3 20. Rfe1 Nd5 21. Be2
Re8 22. Bf3 Rac8 23. Red1 a5 24. Qg5 Qxg5 25. fxg5 Ba8 26. Nxe6 Kf7 27. Bxd5
cxd5 28. Rxc8 Rxc8 29. Nd4 b4 30. Kf2 Rc4 31. Ke3 Ke7 32. h4 a4 33. h5 a3 34.
bxa3 bxa3 35. hxg6 hxg6 36. Rd3 Ra4 37. Rc3 Kd7 38. g3 Bb7 39. e6+ Kd6 40. Rb3
Bc8 41. Rb6+ Ke7 42. Nc6+ Kxe6 43. Na7+ Kd7 44. Rxg6 Re4+ 45. Kf3 Bb7 46. Rg7+
Re7 47. Rxe7+ Kxe7 48. Nb5 Bc6 49. Nd4 Bd7 50. Kf4 Kf7 51. Nxf5 Ke6 52. g4 Bc8
53. Nd4+ Kf7 54. Nf3 Be6 55. Nd4 Bc8 56. Nb5 Be6 57. Nc7 Ke7 58. g6 Bg8 59. Nb5
Kf6 60. Nxa3 d4 61. Nb5 Bxa2 62. Nxd4 Kxg6 63. Nc6 Kf6 64. g5+ Kg7 65. Ne7 Kf7
66. Nf5 Kg6 67. Nh4+ Kg7 68. Kg4 Bb3 69. Ng2 Be6+ 70. Kh4 Bf7 71. Nf4 Ba2 72.
Kg4 Bb3 73. Nh5+ Kg6 74. Nf6 Bd1+ 75. Kf4 Bb3 76. Ng4 Ba2 77. Ne5+ Kg7 78. Kf5
Bb1+ 79. Ke6 Bc2 80. Kd5 Bb1 81. Nf3 Kg6 82. Ke5 Ba2 83. Kf4 Kg7 84. Nd2 Bd5
85. Nf1 Ba2 86. Ne3 Kg6 87. Ng2 Kg7 88. Nh4 Bb3 89. Kg4 Bd1+ 90. Kf5 Bc2+ 91.
Kf4 Bb1 92. Nf5+ Kg6 93. Nd4 Kg7 94. Nc6 Kg6 95. Ne7+ Kf7 96. Nc8 Kg6 1/2-1/2

[Event "1516LLO"]
[Site "Mecklenburg-Vorpommern"]
[Date "2016.04.10"]
[Round "8.3"]
[White "Buenz, Heinrich"]
[Black "Nauschuetz, Ernst"]
[Result "1/2-1/2"]
[WhiteElo "1678"]
[BlackElo "1853"]
[PlyCount "53"]
[EventType "team-tourn"]
[EventRounds "9"]
[EventCountry "GER"]
[SourceDate "2015.09.20"]
[WhiteTeam "SG Neubrandenburg II"]
[BlackTeam "Greifswalder SV II "]
[WhiteTeamCountry "GER"]
[BlackTeamCountry "GER"]

1. Nf3 c5 2. c4 Nf6 3. g3 d5 4. cxd5 Nxd5 5. Bg2 Nc6 6. O-O e5 7. Nc3 Nc7 8. d3
Be7 9. Be3 Qd7 10. Rc1 O-O 11. Na4 Qe6 12. Nxc5 Qxa2 13. b3 Qa5 14. Ra1 Qb5 15.
Ne4 Nd5 16. Bd2 f6 17. Qc2 Be6 18. Qc4 Qb6 19. Be3 Qd8 20. Bc5 Nc7 21. Bxe7
Qxe7 22. Qc5 Bd5 23. Nfd2 Qxc5 24. Nxc5 Bxg2 25. Kxg2 b6 26. Nce4 Nd5 27. Rfc1
1/2-1/2